000 00994nam a22003017a 4500
003 CHAP
005 20220329140220.0
008 971013s1966 r 00010 d
010 _a48675
011 _a49647
035 _a53797
040 _cCHAP
090 _aTesis
100 0 0 _aRiojas Guadiana, Enrique.
_997484
245 _aEstudio genético del carácter raquis fuerte en las variedades de cebada Atlas 54 y Toluca 2 de la especie H. vulgare
260 _aChapingo, Méx. :
_bEl autor,
_c1966
300 _a35 h.
502 _aTesis (M. C. Esp. en Genética) -- ENA. Colegio de Postgraduados
590 _aALEPH
_b10
_c20130110
_lUCH01
_h1320
590 _aBATCH-UPD
_b10
_c20130110
_lUCH01
_h2235
590 _aCONVERSION
_b10
_c20130109
_lUCH01
_h1327
650 1 4 _aCebada
_xVariedades.
_920715
901 _aBK
942 _cFOLL
949 _bBC
_cTES
_d-119055
_eTS1
_i53797
_si
949 _bBC
_cTES
_d-119057
_eTS2
_fc.2
_i53797
_si
949 _bBC
_cTES
_d-119060
_eTS2
_fc.3
_i53797
_si
999 _c48675
_d48675